000 00426nas a2200157 a 4500
001 21180
003 60356
005 20201118100037.0
008 ||||||n9999 ||| || ||
041 _aspa
245 0 _aIntegracion Latinoamericana - No.163
260 _aBuenos Aires :
_bInstituto para la Integracion de America Latina,
_c1990.
562 _e1
773 _016192
_aIntegracion Latinoamericana :
942 _cSISS
999 _c21180
_d21180